Marketing Management (Record no. 215919)
[ view plain ]
| 000 -LEADER | |
|---|---|
| fixed length control field | 00593nam a2200205 4500 |
| 005 - DATE AND TIME OF LATEST TRANSACTION | |
| control field | 20260416143513.0 |
| 010 ## - LCCN (DPL NO) | |
| LC control number | ENG-148302 |
| 020 ## - INTERNATIONAL STANDARD BOOK NUMBER | |
| International Standard Book Number | 9789364444545 |
| Terms of availability | 929.00 |
| 035 ## - SYSTEM CONTROL NUMBER | |
| System control number | EN-131834 |
| 037 ## - SOURCE OF ACQUISITION | |
| Source of stock number/acquisition | DBAD |
| 082 ## - DEWEY DECIMAL CLASSIFICATION NUMBER | |
| Edition number | 7th |
| Classification number | 658.8 |
| 100 ## - MAIN ENTRY--PERSONAL NAME | |
| Personal name | Saxena Rajan |
| 245 ## - TITLE STATEMENT | |
| Title | Marketing Management |
| 250 ## - EDITION STATEMENT | |
| Edition statement | 7th |
| 260 ## - PUBLICATION, DISTRIBUTION, ETC. (IMPRINT) | |
| Place of publication, distribution, etc | Chennai |
| Name of publisher, distributor, etc | Mc Graw Hill Education Pvt. Ltd |
| 270 ## - ADDRESS | |
| Address | Anjana Complex No: 5/90 A, Butt Road, St. Thomas Mount |
| City | India |
| Postal code | 600016 |
| 300 ## - PHYSICAL DESCRIPTION | |
| Extent | 568.pg |
| Dimensions | 26cm(pb) |
| 700 ## - ADDED ENTRY--PERSONAL NAME | |
| Personal name | Shruti Saxena |
| 9 (RLIN) | 88938 |
| 942 ## - ADDED ENTRY ELEMENTS (KOHA) | |
| Source of classification or shelving scheme | Dewey Decimal Classification |
| Item type | English Books |
| Edition | 7th |
| Classification part | 658.8 |
| Call number suffix | SAX |
No items available.
